000 00625nam a2200229Ia 4500
003 OSt
005 20221007063130.0
006 a|||||r|||| 00| 0
007 ta
008 221006b |||||||| |||| 00| 0 eng d
024 _a16,288
037 _cTextual
040 _aFLL
_cFLL
_beng
041 _2eng
_aeng
082 _aX72991:Z2, J6
100 _aBalasubrahmaniam V. Au.
_9683813
245 0 _aLaw of practice of estate duty
260 _aBombay
_bN.M.Tripathi India
_c1956
300 _a726p
_ccm.
942 _hX72991:Z2, J6
_cTEXL
_2CC
999 _c1130473
_d1130473